Central Library OPAC University of Rajshahi

Japan : (Record no. 65565)

MARC details
000 -LEADER
fixed length control field 00989nam a2200289 a 4500
001 - CONTROL NUMBER
control field 65565
003 - CONTROL NUMBER IDENTIFIER
rucl marc code BD-RjUL
005 - DATE AND TIME OF LATEST TRANSACTION
control field 20211209081435.0
008 - FIXED-LENGTH DATA ELEMENTS--GENERAL INFORMATION
fixed length control field 170308s1994 vtua b 000 0 eng d
020 ## - INTERNATIONAL STANDARD BOOK NUMBER
International Standard Book Number 0804819696
035 ## - SYSTEM CONTROL NUMBER
System control number (BD-RjUL)65695
040 ## - CATALOGING SOURCE
Original cataloging agency UU
Transcribing agency UU
Modifying agency DLC
-- BD-RjUL
Language of cataloging eng
041 1# - LANGUAGE CODE
Language code of text/sound track or separate title eng
Language code of original jpn
082 00 - DEWEY DECIMAL CLASSIFICATION NUMBER
Edition number 23
Classification number 709.52
Author mark and year KAT 1994
100 1# - MAIN ENTRY--PERSONAL NAME
Personal name Katō, Shūichi.
Dates associated with a name 1919-2008.
9 (RLIN) 193998
245 10 - TITLE STATEMENT
Title Japan :
Remainder of title spirit and form /
Statement of responsibility, etc. Shuichi Kato ; with an introduction by Roger Goepper ; translated and adapted from the Japanese by Junko Abe and Leza Lowitz.
250 ## - EDITION STATEMENT
Edition statement 1st English-language ed.
260 ## - PUBLICATION, DISTRIBUTION, ETC. (IMPRINT)
Place of publication, distribution, etc. Rutland, Vt. :
Name of publisher, distributor, etc. C.E. Tuttle Co.,
Date of publication, distribution, etc. c1994.
300 ## - PHYSICAL DESCRIPTION
Pagination 259 p. :
Illustrations ill. ;
Size 30 cm.
504 ## - BIBLIOGRAPHY, ETC. NOTE
Bibliography, etc Includes bibliographical references (p. 258).
650 ## - SUBJECT ADDED ENTRY--TOPICAL TERM
Topical term or geographic name as entry element Buddhist art
Geographic subdivision Japan.
9 (RLIN) 193999
Topical term or geographic name as entry element Buddhist art.
9 (RLIN) 182395
651 #0 - SUBJECT ADDED ENTRY--GEOGRAPHIC NAME
Geographic name Art, Japanese.
9 (RLIN) 194000
700 1# - ADDED ENTRY--PERSONAL NAME
Personal name Abe, Junko,
Dates associated with a name 1953-
Personal name Lowitz, Leza.
942 ## - ADDED ENTRY ELEMENTS (KOHA)
Source of classification or shelving scheme Dewey Decimal Classification
Koha item type Books
Holdings
Lost status Source of classification or shelving scheme Damaged status Not for loan Collection code Permanent Location Current Location Shelving location Date acquired Source of acquisition Total Checkouts Full call number Date last seen Copy number Koha item type
  Dewey Decimal Classification   Not For Loan Non-fiction Central Library, University of Rajshahi Central Library, University of Rajshahi Reading Room 10/02/2002 Japanese Foundation   709.52 KAT 1994 08/03/2017 C-1 Books